MARC details
| 000 -LEADER |
| campo de control de longitud fija |
01806nam a22004337a 4500 |
| 003 - IDENTIFICADOR DE NÚMERO DE CONTROL |
| campo de control |
OSt |
| 005 - FECHA Y HORA DE LA ÚLTIMA TRANSACCIÓN |
| campo de control |
20230628090544.0 |
| 008 - DATOS DE LONGITUD FIJA--INFORMACIÓN GENERAL |
| campo de control de longitud fija |
221006b |||||||| |||| 00| 0 eng d |
| 020 ## - NÚMERO INTERNACIONAL ESTÁNDAR DEL LIBRO |
| Número Internacional Estándar del Libro |
978 612 47155 0 1 |
| 040 ## - FUENTE DE CATALOGACIÓN |
| Centro/agencia transcriptor |
Biblioteca Lado V |
| 082 ## - NÚMERO DE LA CLASIFICACIÓN DECIMAL DEWEY |
| Número de clasificación |
701.18 |
| Número de ítem |
B621b |
| 130 ## - ENTRADA PRINCIPAL--TÍTULO UNIFORME |
| Título uniforme |
BISAGRA |
| Lenguaje de la obra |
spa |
| 245 ## - MENCIÓN DEL TÍTULO |
| Título |
Bisagra/ |
| 260 ## - PUBLICACIÓN, DISTRIBUCIÓN, ETC. |
| Lugar de publicación, distribución, etc. |
Peru |
| Fecha de publicación, distribución, etc. |
2016 |
| Nombre del editor, distribuidor, etc. |
Asociación Cultural Bisagra |
| 300 ## - DESCRIPCIÓN FÍSICA |
| Dimensiones |
19.5x27cm |
| Extensión |
114p. |
| 366 ## - INFORMACIÓN SOBRE DISPONIBILIDAD COMERCIAL |
| Nota |
spa |
| 490 ## - MENCIÓN DE SERIE |
| Mención de serie |
001 |
| Designación de volumen o secuencia |
2016 |
| 505 ## - NOTA DE CONTENIDO CON FORMATO |
| Título |
¿Qué hacemos cuando pensamos algo? Consideraciones metodológicas sobre el ejercicio del pensamiento |
| 505 ## - NOTA DE CONTENIDO CON FORMATO |
| Título |
Apuntes sobre formas, sujetos y canales de debate sobre el arte contemporáneo: el caso de la II Bienal de Fotografía de Lima |
| 505 ## - NOTA DE CONTENIDO CON FORMATO |
| Título |
La pluralidad de lo fotográfico |
| 505 ## - NOTA DE CONTENIDO CON FORMATO |
| Título |
El universo amazónico de Christian Bendayán |
| 505 ## - NOTA DE CONTENIDO CON FORMATO |
| Título |
Sobre Fila India, entrevista a Christian Bendayán |
| 505 ## - NOTA DE CONTENIDO CON FORMATO |
| Título |
IMAGENES |
| 505 ## - NOTA DE CONTENIDO CON FORMATO |
| Título |
Sonidero city llega a Lima |
| 505 ## - NOTA DE CONTENIDO CON FORMATO |
| Título |
Los Zapatos de la otra |
| 505 ## - NOTA DE CONTENIDO CON FORMATO |
| Título |
Bataclana se extirpa tetas en danza del vientre |
| 505 ## - NOTA DE CONTENIDO CON FORMATO |
| Título |
Reflexiones con el vientre |
| 505 ## - NOTA DE CONTENIDO CON FORMATO |
| Título |
Sobre Bomba y la Bataclana en la danza del vientre |
| 505 ## - NOTA DE CONTENIDO CON FORMATO |
| Título |
Radiografías de la contradicción: la Carpeta Negra del Taller NN (LIMA, PERÚ 1988) |
| 505 ## - NOTA DE CONTENIDO CON FORMATO |
| Título |
Lo que conversamos después de la Oficina e Conversación |
| 505 ## - NOTA DE CONTENIDO CON FORMATO |
| Título |
BIOGRAFIAS DE LOS AUTORES |
| 650 ## - PUNTO DE ACCESO ADICIONAL DE MATERIA--TÉRMINO DE MATERIA |
| Fuente del encabezamiento o término |
Tesauro de Arte & Arquitectura |
| Término de materia o nombre geográfico como elemento de entrada |
ARTE VISUAL |
| 9 (RLIN) |
703 |
| 650 ## - PUNTO DE ACCESO ADICIONAL DE MATERIA--TÉRMINO DE MATERIA |
| Fuente del encabezamiento o término |
Tesauro de Arte & Arquitectura |
| Término de materia o nombre geográfico como elemento de entrada |
ARTE CONTEMPORANEO |
| 9 (RLIN) |
702 |
| 650 ## - PUNTO DE ACCESO ADICIONAL DE MATERIA--TÉRMINO DE MATERIA |
| Fuente del encabezamiento o término |
Tesauro de Arte & Arquitectura |
| Término de materia o nombre geográfico como elemento de entrada |
CRITICA |
| 9 (RLIN) |
702 |
| 650 ## - PUNTO DE ACCESO ADICIONAL DE MATERIA--TÉRMINO DE MATERIA |
| Fuente del encabezamiento o término |
Tesauro de Arte & Arquitectura |
| Término de materia o nombre geográfico como elemento de entrada |
ANALISIS |
| 651 ## - PUNTO DE ACCESO ADICIONAL DE MATERIA--NOMBRE GEOGRÁFICO |
| Fuente del encabezamiento o término |
Tesauro de Arte & Arquitectura |
| Nombre geográfico |
PERÚ |
| 700 ## - ENTRADA AGREGADA--NOMBRE PERSONAL |
| Nombre de persona |
Navarreta, Jose Antonio |
| Término indicativo de función/relación |
editor |
| 942 ## - ELEMENTOS DE ENTRADA SECUNDARIOS (KOHA) |
| Fuente del sistema de clasificación o colocación |
Clasificación Decimal Dewey |
| Tipo de ítem Koha |
Libros |
| Parte de la signatura que corresponde a la clasificación (Parte de la clasificación) |
701.18 |
| Parte de la signatura que identifica el ejemplar (Parte del ítem) |
B621b |
| Suprimir en OPAC |
No |